00937cam a22002771 450000100060000000300080000600500170001400800410003103500230007203500190009504000370011404100080015108200220015924501560018125000120033726000390034930000300038850400510041865000240046965000380049365000230053165000300055465000140058470000270059870000340062512542BD-RjUL20211208235319.0140129s1969 nyua b 001 0 eng d a(OCoLC)ocm02571413 a(BD-RjUL)12591 aDLCcDLCdMCLdCSUdBD-RjULbeng aeng00a574.028bPHY 196900aPhysical techniques in biological research /cedited by Dan H. Moore.nVolume II, Part B :pPhysical Chemical Techniques / Norman Applezweig...[et al.] a2nd ed. aNew York :bAcademic Press,c1969. ax, 334 p. :bill.c24 cm. aIncludes bibliographical references and index. 0aBiologyxTechnique. 0aBiology, ExperimentalxTechnique. 2aBiology.vResearch 2aBiologyxinstrumentation. 2aResearch.1 aMoore, Dan H.eeditor.1 aApplezweig, Norman...[et al.]